00743nam a2200181 a 4500008004100000050001500041100001800056245011100074260004600185300002200231350000900253650001300262650002200275700002000297995009600317999001700413952013100430120416s1967 ||||||||||||||||| || u aGN 492 Con aCohen, Ronald10aComparative political systems: studies in the politics of pre-industrial societiescedited by Ronald Cohen aNew YorkbThe Natural History Pressc1967 axiv, 512p. : ill. a0.00 aPOLITICS aPolitical systems aMiddleton, John D0.00FCBU-MAIN LIBRARY (Kitwe)H1I10.95M1UAVAILABLEZMain Library Open Access Collection c38026d38026 00102lcc4070a001b001cMain Library Open Access Collectiond2022-11-30l0oGN 492 Conp000660r2022-11-30w2022-11-30y002